000 00296nam a2200121Ia 4500
008 240624s9999 xx 000 0 und d
041 _aeng
082 _a332.63 JAI
100 _aJAIN ANOOP
245 _aCS PROFESSIONAL CORPORATE RESTRUCTURING
260 _c2018
_bAJ Publications
365 _cRS
999 _c30249
_d30249